000
00204nam a22000857a 4500
008
170221b xxu||||| |||| 00| 0 eng d
100
_9
2938
_a
Blyton.E.
245
_a
Five get into fix
260
_a
New Delhi
_c
2011
999
_c
6180
_d
6180